<?xml version="1.0" encoding="UTF-8"?>
<collection xmlns="http://www.loc.gov/MARC21/slim">
 <record>
  <leader>01045nam a22001937a 4500</leader>
  <controlfield tag="001">NCT_4_007192</controlfield>
  <controlfield tag="008">240503b        xxu||||| |||| 00| 0 vie d</controlfield>
  <datafield tag="999" ind1=" " ind2=" ">
   <subfield code="c">8262</subfield>
   <subfield code="d">8262</subfield>
  </datafield>
  <datafield tag="020" ind1=" " ind2=" ">
   <subfield code="a">9786041216136</subfield>
   <subfield code="c">290000</subfield>
  </datafield>
  <datafield tag="082" ind1="0" ind2="4">
   <subfield code="2">23rd ed.</subfield>
   <subfield code="a">390.09597</subfield>
   <subfield code="b">A107</subfield>
  </datafield>
  <datafield tag="100" ind1="0" ind2=" ">
   <subfield code="a">Toan Ánh</subfield>
  </datafield>
  <datafield tag="245" ind1="1" ind2="0">
   <subfield code="a">Nếp cũ</subfield>
   <subfield code="b">Hội hè đình đám</subfield>
   <subfield code="c">Toan Ánh</subfield>
  </datafield>
  <datafield tag="260" ind1=" " ind2=" ">
   <subfield code="a">H.</subfield>
   <subfield code="b">Trẻ</subfield>
   <subfield code="c">2023</subfield>
  </datafield>
  <datafield tag="300" ind1=" " ind2=" ">
   <subfield code="a">639tr.</subfield>
   <subfield code="c">23 cm</subfield>
  </datafield>
  <datafield tag="520" ind1="3" ind2=" ">
   <subfield code="a">Sách được viết nhuần nhị, trôi chảy, tự nhiên, tác giả đã trình bày rõ ràng, mạch lạc, dễ hiểu, dễ nhớ về phong tục, tập quán, lễ nghi, hội hè, đình đám của con người Việt Nam thuở trước qua 4.000 năm lịch sử.</subfield>
  </datafield>
  <datafield tag="653" ind1=" " ind2=" ">
   <subfield code="a">Quản trị Dịch vụ Du lịch và Lữ hành</subfield>
  </datafield>
  <datafield tag="942" ind1=" " ind2=" ">
   <subfield code="2">ddc</subfield>
   <subfield code="c">BK</subfield>
  </datafield>
  <datafield tag="952" ind1=" " ind2=" ">
   <subfield code="0">0</subfield>
   <subfield code="1">0</subfield>
   <subfield code="2">ddc</subfield>
   <subfield code="4">0</subfield>
   <subfield code="6">390_095970000000000_A107</subfield>
   <subfield code="7">0</subfield>
   <subfield code="9">28830</subfield>
   <subfield code="a">000001</subfield>
   <subfield code="b">000001</subfield>
   <subfield code="d">2024-05-03</subfield>
   <subfield code="o">390.09597 A107</subfield>
   <subfield code="p">MD.22405</subfield>
   <subfield code="r">2024-05-03</subfield>
   <subfield code="v">290000.00</subfield>
   <subfield code="w">2024-05-03</subfield>
   <subfield code="y">BK</subfield>
  </datafield>
  <datafield tag="980" ind1=" " ind2=" ">
   <subfield code="a">Thư viện Trường Đại học Nam Cần Thơ</subfield>
  </datafield>
 </record>
</collection>
